Student's attitudes toward computers : validation of a computer attitude scale for 16-19 education (Record no. 77487)
[ view plain ]
| 000 -CABECERA | |
|---|---|
| campo de control de longitud fija | 00622nam a2200205 a 4500 |
| 005 - FECHA Y HORA DE LA ÚLTIMA TRANSACCIÓN | |
| campo de control | 20210219153447.0 |
| 008 - ELEMENTOS DE LONGITUD FIJA--INFORMACIÓN GENERAL | |
| campo de control de longitud fija | 991125n 000 0 eng u |
| 035 ## - NÚMERO DE CONTROL DEL SISTEMA | |
| Número de control de sistema | UPN01000101156 |
| 100 ## - ASIENTO PRINCIPAL--NOMBRE PERSONAL | |
| Nombre de persona | SELWYN, Neil |
| 222 ## - TÍTULO CLAVE | |
| Título clave | COMPUTERS AND EDUCATION : AN INTERNATIONAL JOURNAL |
| 245 ## - MENCIÓN DE TÍTULO | |
| Título | Student's attitudes toward computers : validation of a computer attitude scale for 16-19 education |
| 260 ## - PUBLICACIÓN, DISTRIBUCIÓN, ETC. | |
| Lugar de publicación, distribución, etc. | New York, EUA |
| 300 ## - DESCRIPCIÓN FÍSICA | |
| Extensión | 35-41 |
| 362 ## - FECHAS DE PUBLICACIÓN Y/O DESIGNACIÓN SECUENCIAL | |
| Fecha de publicación y/o designación secuencial | 1997 Vol. 28, no. 1, jan. |
| 653 0# - TERMINO DE INDIZACION - NO CONTROLADO | |
| Término no controlado | ACTITUDES ESTUDIANTILES |
| 653 0# - TERMINO DE INDIZACION - NO CONTROLADO | |
| Término no controlado | ADOLESCENTES |
| 653 0# - TERMINO DE INDIZACION - NO CONTROLADO | |
| Término no controlado | COMPUTADORA |
| 904 ## - ELEMENTOS DE DATOS D LOCAL, LDD (RLIN) | |
| a | AC |
| b | 038967 |
| 905 ## - TIPO DE MATERIAL | |
| Tipo de material | Articulo |
No items available.
